| 000 | 00687cab a2200229 4500 | ||
|---|---|---|---|
| 001 | ABS46155 | ||
| 008 | 090401t1992 xxu||||| |||| 00| 0 eng d | ||
| 035 | _a(Sirsi) u57004 | ||
| 041 | _aeng | ||
| 100 | _aSipos, A. | ||
| 245 | _aDuration analysis | ||
| 260 | _c1992 | ||
| 350 | _a0 | ||
| 490 |
_aCost Engineering _v34(2) February 1992, 9-14(6) |
||
| 520 | _aDescribes the methodology of this scheduling and monitoring procedure, defining the variables and explaining the rules and formulae involved. | ||
| 650 | _aACTIVITY ANALYSIS | ||
| 650 | _aDURATION ANALYSIS | ||
| 650 | _aPROJECT PLANNING | ||
| 690 |
_aProject management _96261 |
||
| 942 | _n0 | ||
| 948 | _c04/03/1997 | ||
| 999 |
_c34765 _d34765 |
||